Design and form (Registro nro. 324361)
[ vista simple ]
| 000 -ENCABEZADO | |
|---|---|
| Número de control [NR] | 00879nam a22002297a 4500 |
| 005 - FECHA Y HORA DE LA ÚLTIMA TRANSACCIÓN | |
| control field | 20240614150242.0 |
| 008 - DE LONGITUD FIJA DE DATOS DE ELEMENTOS - INFORMACIÓN GENERAL | |
| Elementos de longitud fija [NR] | 240614b ||||| |||| 00| 0 eng d |
| 020 ## - NUMERO INTERNACIONAL NORMALIZADO PARA LIBROS [R] | |
| Número Internacional Normalizado del libro [NR] | 9781013421884 |
| 040 ## - FUENTE DE CATALOGACION [NR] | |
| Agencia de catalogación original [NR] | CO-BoUCM |
| Quien Cataloga | David Moreno |
| Quien Clasifica | David Moreno |
| 041 ## - CODIGO DE IDIOMA [R] | |
| Código de idioma para texto/pista de sonido o título separado [R] | Inglés |
| 100 1# - ASIENTO PRINCIPAL--NOMBRE PERSONAL [NR] | |
| Nombre personal [NR] | Itten, Johannes |
| Fechas asociadas con el nombre [NR] | 1888-1967 |
| ID Autoridad | 181356 |
| 245 10 - MENCION DE TITULO [NR] | |
| Título [NR] | Design and form |
| Parte restante del título [NR] | the basic course at the Bauhaus |
| Mención de responsabilidad, etc. [NR] | Translated by John Maass |
| 246 ## - FORMA VARIANTE DEL TITULO [R] | |
| Título propiamente dicho/forma breve del título [NR] | Mein Vorkurs am Bauhaus; Gestaltungs und Formenlehre. |
| 260 ## - PUBLICACION, DISTRIBUCION, ETC. (PIE DE IMPRENTA) [R] | |
| Lugar de publicación, distribución, etc. [R] | New York |
| Nombre del editor, distribuidor, etc. [R] | Reinhold Pub. Corp |
| Fecha de publicación, distribución, etc. [R] | 1964 |
| 300 ## - DESCRIPCION FISICA [R] | |
| Extensión [R] | 190 Paginas |
| Otros detalles físicos [NR] | ilustraciones |
| 500 ## - NOTA GENERAL [R] | |
| Nota general [NR] | Traducción de Mein Vorkurs am Bauhaus; Gestaltungs- und Formenlehre |
| 650 14 - ASIENTO SECUNDARIO DE MATERIA - TERMINO TEMATICO [R] | |
| Término temático o nombre geográfico como elemento de entrada [NR] | Arte |
| Subdivisión general [R] | Estudio y enseñanza |
| Subdivisión geográfica [R] | Alemania |
| 9 (RLIN) | 181357 |
| 650 14 - ASIENTO SECUNDARIO DE MATERIA - TERMINO TEMATICO [R] | |
| Término temático o nombre geográfico como elemento de entrada [NR] | Arte |
| Subdivisión general [R] | Técnica |
| Subdivisión geográfica [R] | Alemania |
| 9 (RLIN) | 181358 |
| 710 2# - ASIENTO SECUNDARIO - NOMBRE CORPORATIVO [R] | |
| Nombre corporativo o de jurisdicción como elemento de entrada [NR] | Bauhaus |
| 9 (RLIN) | 181359 |
| 942 ## - ELEMENTOS DE ENTRADA AGREGADOS (KOHA) | |
| Sistema de clasificación | DEWEY |
| Tema principal | Arte |
| Tipo de ítem principal el descrito en 300a | Libro |
| Edición | 1 |
| Clasificación | 745.4 |
| Parte restante de la signatura top. | I91d |
| Título oculto en OPAC | No |
| Fecha de último préstamo | Total préstamos | Total Renewals | Signatura topográfica | Código de barras | Última vez visto | Ejemplar | Price effective from | Tipo de ítem | Perdido | Sistema de clasificación | Dañado | No prestable | Tipo de ítem específico | Suprimido | Ubicación habitual | Ubicación actual | Localización | Fecha de creación | Forma de adquisición | Costo |
|---|---|---|---|---|---|---|---|---|---|---|---|---|---|---|---|---|---|---|---|---|
| 28/07/2025 | 2 | 3 | 745.4 I91d | 100172700 | 06/12/2025 | Ej.1 | 14/06/2024 | Libro | DEWEY | Libro | Claustro | Claustro | 2do piso | 14/06/2024 | Compra | 167156.00 |